000 00407nam a2200169Ia 4500
008 210210b1978 xxu||||| |||| 00| 0 eng d
020 _a0876925611
082 _a574.87 SWAC
100 _aSWANSON (Carl P) and WEBSTER (Peter L).
245 _aCell. Ed 4.
250 _a
260 _aLondon
_bPrentice Hall
_c1978
300 _ax,374
650 _aCell
690 _aCell Biology
906 _aSG01004
999 _c112602
_d112602